The noble scholar, jurist, historian


 His Excellency Dr. Abdul Wahhab bin Ibrahim Abu Sulaiman, may Allah have mercy on him.


 He was born in Umm Al-Qura in the year 1356 AH.

سماحة العلامة الشيخ عبد الله بن محمد بن حميد رئيس المجلس الأعلى للقضاء في عيون محبيه وتلامذته وبعض رسائله وآثاره العلمية / (Record no. 9897)

MARC details
000 -LEADER
fixed length control field 01631cam a22003131i 4500
003 - CONTROL NUMBER IDENTIFIER
control field SA-RiAUC
005 - DATE AND TIME OF LATEST TRANSACTION
control field 20250714040602.0
008 - FIXED-LENGTH DATA ELEMENTS--GENERAL INFORMATION
fixed length control field 250713s2008 su g 000 0bara c
020 ## - INTERNATIONAL STANDARD BOOK NUMBER
International Standard Book Number 9789960591308
040 ## - CATALOGING SOURCE
Original cataloging agency SA-JeALM
Language of cataloging ara
Transcribing agency SA-RiAUC
Description conventions rda
082 04 - DEWEY DECIMAL CLASSIFICATION NUMBER
Classification number 922.58
Assigning agency SA-RiAUC
090 ## - LOCALLY ASSIGNED LC-TYPE CALL NUMBER (OCLC); LOCAL CALL NUMBER (RLIN)
Classification number (OCLC) (R) ; Classification number, CALL (RLIN) (NR) 922.58
Local cutter number (OCLC) ; Book number/undivided call number, CALL (RLIN) ز ا م
100 1# - MAIN ENTRY--PERSONAL NAME
Personal name الزامل، صلاح بن إبراهيم
Relator term مؤلف.
245 10 - TITLE STATEMENT
Title سماحة العلامة الشيخ عبد الله بن محمد بن حميد رئيس المجلس الأعلى للقضاء في عيون محبيه وتلامذته وبعض رسائله وآثاره العلمية /
Statement of responsibility, etc. إعداد صلاح بن إبراهيم الزامل. تقديم معالي الشيخ صالح بن عبدالله بن حميد.
250 ## - EDITION STATEMENT
Edition statement الطبعة الأولى.
264 #1 - PRODUCTION, PUBLICATION, DISTRIBUTION, MANUFACTURE, AND COPYRIGHT NOTICE
Place of production, publication, distribution, manufacture الرياض :
Name of producer, publisher, distributor, manufacturer دار أبجد للدراسات والنشر،
Date of production, publication, distribution, manufacture, or copyright notice 2008.
300 ## - PHYSICAL DESCRIPTION
Extent 531 صفحة ؛
Dimensions 24 سم
336 ## - CONTENT TYPE
Content type term نص
Content type code txt
Source rdacontent
Materials specified كتاب
337 ## - MEDIA TYPE
Media type term بدون وسيط
Media type code n
Source rdamedia
338 ## - CARRIER TYPE
Carrier type term مجلد
Carrier type code nc
Source rdacarrier
500 ## - GENERAL NOTE
General note اهداء من الشيخ صالح بن حميد الى الشيخ رحمه الله بتاريخ 25 / 2 / 1429 هـ
600 17 - SUBJECT ADDED ENTRY--PERSONAL NAME
Personal name ابن حميد، عبد الله بن محمد بن عبد العزيز،
Dates associated with a name 1329-1402 هجري
Source of heading or term aucnm
650 #7 - SUBJECT ADDED ENTRY--TOPICAL TERM
Topical term or geographic name entry element الفقهاء السعوديون
Form subdivision تراجم
Source of heading or term aucsh
650 #7 - SUBJECT ADDED ENTRY--TOPICAL TERM
Topical term or geographic name entry element الفقهاء الحنابلة
Form subdivision تراجم
Source of heading or term aucsh
653 ## - INDEX TERM--UNCONTROLLED
Uncontrolled term التراجم
700 ## - ADDED ENTRY--PERSONAL NAME
Personal name ابن حميد، صالح بن عبدالله
Relator term مقدم ومراجع.
942 ## - ADDED ENTRY ELEMENTS (KOHA)
Source of classification or shelving scheme Dewey Decimal Classification
Koha item type Books
Suppress in OPAC No
949 ## - LOCAL PROCESSING INFORMATION (OCLC)
a SA-JeALM
d 250713
u osman123
n 1
Holdings
Withdrawn status Lost status Source of classification or shelving scheme Damaged status Not for loan Collection Home library Current library Date acquired Total checkouts Full call number Barcode Date last seen Price effective from Koha item type
    Dewey Decimal Classification     اهداء DR AbdElwahab Library DR AbdElwahab Library 07/14/2025   922.58 ز ا م 000016048 07/14/2025 07/14/2025 Books